Mukta aa Khada Sadak Par / (Record no. 49208)

MARC details
000 -LEADER
fixed length control field 00555nam a22001817a 4500
003 - CONTROL NUMBER IDENTIFIER
control field OSt
008 - FIXED-LENGTH DATA ELEMENTS--GENERAL INFORMATION
fixed length control field 251121b |||||||| |||| 00| 0 eng d
082 ## - DEWEY DECIMAL CLASSIFICATION NUMBER
Classification number 891.431
Item number V69M
100 ## - MAIN ENTRY--PERSONAL NAME
Personal name Vijayavagriya, Dayakrishna. 'Vijaya'
245 ## - TITLE STATEMENT
Title Mukta aa Khada Sadak Par /
Statement of responsibility, etc. by Dayakrishna Vijayavagriya 'Vijaya'
260 ## - PUBLICATION, DISTRIBUTION, ETC. (IMPRINT)
Place of publication, distribution, etc .- Rajasthan
Name of publisher, distributor, etc : Vijaya Prakashan
Date of publication, distribution, etc , 2013
300 ## - PHYSICAL DESCRIPTION
Extent 94p.
650 ## - SUBJECT ADDED ENTRY--TOPICAL TERM
Topical term or geographic name as entry element Literature
650 ## - SUBJECT ADDED ENTRY--TOPICAL TERM
Topical term or geographic name as entry element Literatures of other Specific Languages and Languages Families
650 ## - SUBJECT ADDED ENTRY--TOPICAL TERM
Topical term or geographic name as entry element Hindi Literatures
650 ## - SUBJECT ADDED ENTRY--TOPICAL TERM
Topical term or geographic name as entry element Poetry
942 ## - ADDED ENTRY ELEMENTS (KOHA)
Source of classification or shelving scheme
Koha item type Hindi Books
Holdings
Withdrawn status Lost status Source of classification or shelving scheme Damaged status Not for loan Home library Current library Date acquired Source of acquisition Cost, normal purchase price Total Checkouts Full call number Barcode Date last seen Bill Date Koha item type Bill Number
          Dr. Rajendra Prasad Central Agricultural University Pusa, Dr. Rajendra Prasad Central Agricultural University Pusa, 21/11/2025 Donated by Dayakrishna Vijaya 150.00   891.431 V69M 81842 21/11/2025 21/11/2025 Hindi Books Gift
Hosted, Implemented, Customized & Maintained by: BestBookBuddies

Powered by Koha